Les minéraux du monde - Statistiques

Statistiques générales
  • Ce quiz a été pris 39 fois
    33 depuis la dernière actualisation
  • Le résultat moyen est 24 sur 228
Statistiques - réponses
Minéral % Correct
Quartz
80%
Diamant
77%
Émeraude
73%
Rubis
73%
Saphir
67%
Jade
63%
Améthyste
57%
Lapis-lazuli
57%
Pyrite
53%
Calcite
50%
Grenat
50%
Azurite
43%
Fluorine
43%
Topaze
43%
Gypse
40%
Halite
40%
Ambre
37%
Béryl
37%
Jaspe
37%
Obsidienne
37%
Opale
37%
Zircon
37%
Agate
33%
Galène
33%
Hématite
33%
Malachite
33%
Tourmaline
33%
Aigue-marine
30%
Citrine
30%
Magnétite
30%
Mica
30%
Chalcopyrite
27%
Muscovite
27%
Soufre
27%
Aragonite
23%
Biotite
23%
Corindon
23%
Serpentine
23%
Baryte
20%
Calcédoine
20%
Chrysocolle
20%
Cinabre
20%
Feldspath
20%
Œil de tigre
20%
Rhodonite
20%
Sphalérite
20%
Spinelle
20%
Tanzanite
20%
Turquoise
20%
Amétrine
17%
Andalousite
17%
Labradorite
17%
Rhodochrosite
17%
Stibine
17%
Albite
13%
Amazonite
13%
Autunite
13%
Aventurine
13%
Chrysoprase
13%
Sodalite
13%
Dolomite
13%
Héliodore
13%
Orpiment
13%
Rutile
13%
Spodumène
13%
Wolframite
13%
Apophylite
10%
Célestine
10%
Chrysobéryl
10%
Cornaline
10%
Lépidolite
10%
Marcassite
10%
Œil de taureau
10%
Onyx
10%
Péridotite
10%
Staurotide
10%
Vanadinite
10%
Wulfénite
10%
Amphibole
7%
Apatite
7%
Arsénopyrite
7%
Axinite
7%
Bénitoïte
7%
Cavansite
7%
Cobaltocalcite
7%
Dioptase
7%
Uraninite
7%
Épidote
7%
Forstérite
7%
Gibbsite
7%
Goethite
7%
Heulandite
7%
Moldavite
7%
Molybdénite
7%
Natrolite
7%
Neptunite
7%
Œil de faucon
7%
Orthose
7%
Réalgar
7%
Aegirine
3%
Anatase
3%
Boulangérite
3%
Carborandite
3%
Cassitérite
3%
Cordiérite
3%
Creedite
3%
Crocoïte
3%
Diopside
3%
Zincite
3%
Enstatite
3%
Erythrite
3%
Fuchsite
3%
Hackmanite
3%
Jais
3%
Kyanite
3%
Leucite
3%
Phillipsite
3%
Phrénite
3%
Pyromorphite
3%
Rosélite
3%
Sanidine
3%
Scheelite
3%
Sidérite
3%
Stilbite
3%
Tantalite
3%
Titanite
3%
Torbernite
3%
Vésuvianite
3%
Vivianite
3%
Zoïsite
3%
Acanthite
0%
Adamite
0%
Allanite
0%
Analcime
0%
Andradite
0%
Angélite
0%
Anglésite
0%
Arfedsonite
0%
Atacamite
0%
Babefphite
0%
Babingtonite
0%
Bastnaésite
0%
Béryllonite
0%
Bétafite
0%
Boléite
0%
Bournonite
0%
Brazilianite
0%
Brookite
0%
Brucite
0%
Carrolite
0%
Cérusite
0%
Chalcanthite
0%
Chalcocite
0%
Chalcotrichite
0%
Chiastolite
0%
Clinohumite
0%
Colémanite
0%
Columbite
0%
Conichalcite
0%
Copal
0%
Cumengéite
0%
Cuprite
0%
Cyanotrichite
0%
Dadsonite
0%
Damburite
0%
Datolite
0%
Descloïzite
0%
Diaspore
0%
Chondrodite
0%
Dumortiérite
0%
Elpidite
0%
Ettringite
0%
Forchérite
0%
Gogotte
0%
Grandidiérite
0%
Gyrolite
0%
Hanksite
0%
Héminomorphite
0%
Ilvaïte
0%
Inésite
0%
Iolite
0%
Jéréméjéwite
0%
Kutnahorite
0%
Lavandorite
0%
Lazulite
0%
Legrandite
0%
Leucosaphir
0%
Libéthénite
0%
Lussatite
0%
Mangano-vésuvianite
0%
Mélanophlogite
0%
Microcline
0%
Mimétite
0%
Narsarsukite
0%
Néphéline
0%
Nickéline
0%
Œil de fer
0%
Ouvarovite
0%
Pargasite
0%
Pentagonite
0%
Pezzottaïte
0%
Phénacite
0%
Picropharmacolite
0%
Pinite
0%
Plumbogummite
0%
Powellite
0%
Purpurite
0%
Pyrolusite
0%
Rosasite
0%
Scapolite
0%
Sérandite
0%
Skuttérudite
0%
Smithsonite
0%
Stolzite
0%
Strontianite
0%
Tétraédrite
0%
Ulexite
0%
Variscite
0%
Väyryenite
0%
Veszelyite
0%
Wardite
0%
Wavellite
0%
Wendwilsonite
0%
Xénotime
0%
Yarrovite
0%
Yttrialite
0%
Zéolite
0%
Zunyite
0%
Aucun quiz correspondant
Distribution des résultats
% des personnes avec chaque résultat
Percentile par nombre de réponses
Votre historique - résultats
Vous n’avez pas pris ce quiz depuis la dernière actualisation